[Event "URS-ch55+"]
[Site "Moscow URS"]
[Date "1988.07.??"]
[Round "1"]
[White "Tal, Mikhail"]
[Black "Vaganian, Rafael"]
[Result "1/2-1/2"]
[WhiteElo "2630"]
[BlackElo "2625"]
[EventDate "1988.07.??"]
[PlyCount "41"]

1.d4 Nf6 2.c4 e6 3.Nf3 d5 4.Nc3 Be7 5.Bg5 O-O 6.e3 h6 7.Bh4 b6 8.Rc1 Bb7 
9.cxd5 Nxd5 10.Bxe7 Qxe7 11.Be2 c5 12.dxc5 Qxc5 13.O-O Qb4 14.Qd2 Nxc3 15.
Qxc3 Nc6 16.Qxb4 Nxb4 17.Rc7 Ba6 18.Bxa6 Nxa6 19.Rc4 Rfc8 20.Rfc1 Rxc4 21.
Rxc4 1/2-1/2

[Event "55th URS-ch"]
[Site "Moscow URS"]
[Date "1988.07.??"]
[Round "4"]
[White "Eingorn, Vyacheslav"]
[Black "Gurevich, Mikhail"]
[Result "1/2-1/2"]
[WhiteElo "2560"]
[BlackElo "2630"]
[EventDate "1988.07.??"]
[PlyCount "52"]

1.d4 Nf6 2.c4 e6 3.Nf3 b6 4.g3 Bb7 5.Bg2 c5 6.d5 exd5 7.Nh4 b5 8.Nc3 ( 8.
O-O bxc4 9.Nc3 Be7 10.Bg5 h6 ( 10...O-O 11.Nxd5 Bxd5 12.Bxd5 Nxd5 13.Qxd5 
Bxg5 14.Qxa8 Bxh4 15.gxh4 Qxh4 ) 11.Bxf6 Bxf6 12.Nf5 O-O 13.Nxd5 Nc6 14.
Nd6 Ba6 15.Qa4 Be5 16.Nxc4 Bxc4 17.Qxc4 ) 8...bxc4 9.Bg5 Be7 10.Nf5 O-O 
11.O-O Nc6 12.Bxf6 ( 12.Nxe7+ Nxe7 13.Bxf6 gxf6 14.e3 ( 14.Nxd5 Nxd5 15.
Bxd5 Bxd5 16.Qxd5 Qb6 17.Qxc4 Qxb2 18.Rad1 ) ) 12...Bxf6 13.Bxd5 Rb8 14.
Nd6 Ba8 15.Nxc4 Na5 16.Nxa5 Qxa5 17.Bxa8 Rxa8 18.Qc2 Rab8 19.Rab1 ( 19.
Rad1 Bxc3 20.bxc3 Qa3 ) 19...Rb7 20.Rfd1 Rfb8 21.Ne4 Qxa2 22.Nxf6+ gxf6 
23.Qxc5 Rxb2 24.Rxb2 Rxb2 25.Qc8+ ( 25.Rxd7 Qb1+ ) 25...Kg7 26.Qxd7 Rb1 
1/2-1/2

[Event "55th URS-ch"]
[Site "Moscow URS"]
[Date "1988.07.??"]
[Round "9"]
[White "Beliavsky, Alexander"]
[Black "Salov, Valery"]
[Result "0-1"]
[WhiteElo "2665"]
[BlackElo "2625"]
[EventDate "1988.07.??"]
[PlyCount "78"]

1.Nf3 Nf6 2.c4 e6 3.g3 d5 4.b3 a5 5.Bg2 ( 5.Nc3 d4 6.Nb5 Nc6 7.Bg2 ) 5...
a4 6.Na3 Be7 7.O-O O-O 8.Bb2 c6 9.d3 Qa5 10.Nc2 Na6 ( 10...Nbd7 11.Rb1 ) (
10...a3 11.b4 Bxb4 12.Bxf6 gxf6 13.Nxb4 Qxb4 14.Rb1 ) 11.Rb1 axb3 ( 11...
a3 12.Ba1 ( 12.b4 Nxb4 13.Bxa3 c5 ) 12...b5 13.Ne5 ) 12.axb3 Bd7 13.Ne5 
Nb4 14.g4 ( 14.Bc3 Qb6 ) ( 14.e4 dxe4 15.dxe4 Rfd8 ) 14...Qc7 15.Nxb4 Bxb4
16.Ra1 ( 16.g5 Ne8 17.e3 ) 16...Bd6 17.d4 ( 17.f4 Bxe5 18.Bxe5 Qb6+ ) ( 
17.Nxd7 Bxh2+ 18.Kh1 Nxd7 ) 17...Rxa1 18.Bxa1 Bxe5 19.dxe5 Nxg4 20.Qd4 ( 
20.e4 Nxe5 21.exd5 exd5 22.cxd5 ) 20...Nh6 21.Qc3 ( 21.e4 c5 ) ( 21.cxd5 
exd5 22.e6 Nf5 ) 21...Qd8 22.e4 dxe4 23.Rd1 ( 23.Bxe4 c5 ) 23...Qe7 24.
Bxe4 ( 24.c5 Be8 ( 24...f5 25.exf6 gxf6 26.Qd2 ) 25.Bxe4 f5 26.exf6 gxf6 )
24...c5 25.Bxb7 ( 25.Qd3 Bc6 26.Bxh7+ Kh8 27.Be4 Ra8 ) 25...Bc8 26.Bg2 Bb7
27.f3 Nf5 28.Bb2 Ra8 ( 28...Nd4 ) 29.Rd3 h6 30.Qc1 Bc6 31.Bc3 Ra2 32.Qb1 (
32.Rd2 Qg5 33.f4 Qxg2+ 34.Rxg2 Rxg2+ 35.Kf1 Rxh2 36.Be1 ( 36.Qa3 Ne3+ 37.
Ke1 Bf3 ) 36...Rc2 ) 32...Ra8 33.Qd1 Kh7 34.Be1 Qg5 35.Qd2 ( 35.Bf2 Ra2 ) 
35...Qg6 36.h4 Qh5 37.Qf2 Ra1 38.Kh2 g5 39.Bh3 Nxh4 ( 39...Nxh4 40.Bg4 
Nxf3+ ) 0-1

[Event "55th URS-ch"]
[Site "Moscow URS"]
[Date "1988.07.??"]
[Round "9"]
[White "Ehlvest, Jaan"]
[Black "Kasparov, Garry"]
[Result "1/2-1/2"]
[WhiteElo "2580"]
[BlackElo "2760"]
[EventDate "1988.07.??"]
[PlyCount "83"]

1.e4 c5 2.Nf3 e6 3.d4 cxd4 4.Nxd4 Nf6 5.Nc3 d6 6.f4 a6 7.Be2 Be7 8.a4 Qc7 
9.O-O O-O 10.Qe1 Nc6 11.Be3 e5 12.Nb3 ( 12.Nf5 ) ( 12.Nf3 ) 12...Nb4 13.
Qf2 ( 13.Qd2 ) 13...Nxc2 14.Bb6 Qb8 15.Rad1 Be6 16.fxe5 Nd7 ( 16...dxe5 
17.Nd5 ( 17.Nc5 Nd4 18.Nxe6 Nxe2+ 19.Qxe2 fxe6 ) 17...Bxd5 18.exd5 Bd6 ( 
18...Nd7 19.Bd3 Nxb6 20.Qxb6 Nb4 21.d6 ) 19.Qh4 ) 17.Nd5 Bxd5 18.Rxd5 Nb4 
19.Rdd1 Nxe5 ( 19...Nxb6 20.Qxb6 Nc6 21.exd6 Bxd6 22.g3 ) 20.Nd4 g6 21.Ba5
Nbc6 22.Bc3 Nxd4 23.Rxd4 Qa7 24.Kh1 Rac8 ( 24...Nc6 25.Bc4 ) 25.Bd1 Qb6 
26.a5 Qd8 27.Rb4 ( 27.Rd5 ) 27...Nd3 28.Qd4 Rxc3 29.bxc3 Nxb4 30.cxb4 d5 
31.Bb3 ( 31.exd5 Qd6 ) 31...dxe4 32.Qxe4 Qd7 33.Qd5 Qxd5 34.Bxd5 Bxb4 35.
Bxb7 Bxa5 36.Bxa6 h5 37.Bc4 Kg7 38.Ra1 Bb6 39.Rb1 Rd8 40.g3 Rd6 41.Be2 Bc7
42.Rc1 1/2-1/2

[Event "55th URS-ch"]
[Site "Moscow URS"]
[Date "1988.07.??"]
[Round "12"]
[White "Vaganian, Rafael"]
[Black "Salov, Valery"]
[Result "0-1"]
[WhiteElo "2595"]
[BlackElo "2625"]
[EventDate "1988.07.??"]
[PlyCount "122"]

1.Nf3 Nf6 2.c4 e6 3.g3 d5 4.Bg2 dxc4 5.Qa4+ Nbd7 6.Qxc4 c5 7.Qb3 Rb8 8.d3 
Bd6 9.Nc3 a6 10.Ng5 Qe7 ( 10...O-O 11.Nxe6 ) ( 10...b6 11.Nge4 Nxe4 12.
Nxe4 Be5 ) 11.O-O O-O 12.Nge4 Be5 13.a4 ( 13.Be3 ) ( 13.f4 ) 13...b6 14.
Qc4 Nxe4 15.Bxe4 Nf6 16.Bg5 ( 16.Bg2 ) 16...Rd8 17.e3 h6 18.Bxf6 Bxf6 19.
Rfd1 g6 20.Rab1 Bg7 21.Ne2 ( 21.b4 cxb4 22.Rxb4 Bd7 ) 21...b5 22.axb5 axb5
23.Qc2 Bd7 24.Ra1 Be8 25.Rac1 ( 25.Ra6 ) 25...Rbc8 26.b3 Rc7 27.Rd2 Qd6 
28.h4 Rdc8 29.Qd1 Bf6 30.Rdc2 Kg7 31.Qe1 b4 32.Ra2 ( 32.d4 cxd4 33.Rxc7 
Rxc7 34.Rxc7 Qxc7 35.Nxd4 Qc5 36.Qd2 ) 32...Bb5 33.Rd1 Rd8 34.Qd2 Rcd7 35.
Qc2 Qb6 36.Nc1 ( 36.Ra8 Bxd3 ) 36...Ba6 37.Bg2 Bc3 38.Bf3 Rd6 39.Kg2 e5 ( 
39...h5 ) 40.h5 f5 41.e4 ( 41.hxg6 Bb7 ( 41...e4 42.dxe4 Rxd1 43.Bxd1 Rd2 
44.Qxd2 Bxd2 45.Rxd2 ) 42.Bxb7 Qxb7+ 43.f3 e4 ) 41...Bb7 42.Qe2 c4 43.bxc4
b3 44.Ra3 b2 45.Na2 Bd4 46.Qc2 fxe4 47.Bxe4 Rf8 48.f3 Bxe4 49.dxe4 Rb8 50.
Rb1 Be3 51.c5 ( 51.Rd3 Rxd3 52.Qxd3 Rd8 ) 51...Bxc5 52.Rd3 ( 52.Rc3 Qd8 ) 
52...Rxd3 53.Qxd3 Bd4 54.Qc4 ( 54.hxg6 Qb3 ) 54...gxh5 55.Nc3 Qc5 56.Qxc5 
Bxc5 57.f4 Rb3 58.Nd1 Bd4 59.Nxb2 h4 ( 59...Rxb2+ 60.Rxb2 Bxb2 61.fxe5 ) 
60.fxe5 ( 60.gxh4 exf4 ) 60...hxg3 61.e6 Bf2 0-1

[Event "55th URS-ch"]
[Site "Moscow URS"]
[Date "1988.07.??"]
[Round "13"]
[White "Karpov, Anatoly"]
[Black "Gavrikov, Viktor"]
[Result "1-0"]
[WhiteElo "2725"]
[BlackElo "2545"]
[EventDate "1988.07.??"]
[PlyCount "79"]

1.Nf3 Nf6 2.c4 b6 3.d4 e6 4.g3 Bb7 5.Bg2 c5 6.d5 exd5 7.Nh4 b5 8.O-O bxc4 
9.Nc3 Be7 10.Nf5 O-O 11.Nxe7+ Qxe7 12.Bg5 h6 ( 12...Na6 13.Nxd5 ( 13.Bxd5 
Rab8 14.Bxb7 Rxb7 15.Nd5 Qe5 16.Bxf6 gxf6 17.Ne3 Qe6 ) 13...Bxd5 14.Bxd5 
Rab8 15.Bxc4 ) 13.Bxf6 Qxf6 14.Nxd5 Bxd5 15.Qxd5 Nc6 16.Qxc4 ( 16.Qxd7 
Rac8 17.Rad1 ( 17.e3 Rfd8 18.Qb7 Nb4 ) 17...Rfd8 18.Qb7 Nd4 19.e3 Ne2+ ( 
19...Rb8 ) 20.Kh1 Rxd1 21.Rxd1 ( 21.Qxc8+ Qd8 22.Qxd8+ Rxd8 23.Bf3 Rd2 24.
Re1 c3 25.Bxe2 cxb2 26.Ba6 Rc2 ) 21...Rd8 ) ( 16.Qxc5 Rab8 17.Rab1 Rxb2 
18.Rxb2 Qxb2 19.Qxc4 ) 16...Qxb2 17.e3 Rab8 ( 17...Rac8 18.Qxc5 Nb4 19.
Qxa7 ( 19.Qb5 ) 19...Rc2 20.Qb7 ( 20.Qxd7 Rxf2 ) ( 20.e4 Nd3 ) ( 20.Be4 
Rxf2 21.Rfb1 Qd2 22.Rd1 ( 22.Rxb4 Rxh2 ) 22...Qb2 23.Rab1 Qe2 24.Re1 Qd2 )
) 18.Qxc5 Rb6 ( 18...Rb5 19.Qd6 Ne5 20.a4 Rb3 21.Rad1 Rc8 22.Rd2 Qc3 23.
Rd5 Ng4 ) 19.Rad1 ( 19.Be4 Qb4 ) 19...Nb8 20.Bd5 Qb5 21.Qc7 Qa6 22.Rc1 Qa5
23.Rfd1 Rb5 24.Qd6 Qb6 25.Qe7 Qg6 26.Be4 Qe6 27.Bh7+ Kxh7 28.Qxf8 Qxa2 29.
Qd6 a6 30.Qd3+ f5 31.Rb1 Qe6 32.Rxb5 axb5 33.Qxb5 Nc6 34.Rd5 Kg6 35.Qc5 
Qe4 36.Rd6+ Kh7 37.Qd5 Qb1+ 38.Qd1 Qe4 39.Qd3 Qg4 40.Rd5 1-0

[Event "55th URS-ch"]
[Site "Moscow URS"]
[Date "1988.07.??"]
[Round "13"]
[White "Smirin, Ilia"]
[Black "Eingorn, Vyacheslav"]
[Result "1/2-1/2"]
[WhiteElo "2500"]
[BlackElo "2560"]
[EventDate "1988.07.??"]
[PlyCount "51"]

1.e4 e6 2.d4 d5 3.Nc3 Bb4 4.Qd3 dxe4 5.Qxe4 Nf6 6.Qh4 Bd7 7.Nf3 Bc6 8.a3 
Bxc3+ 9.bxc3 Be4 10.Bd3 Bxd3 11.cxd3 O-O 12.O-O c5 13.Bg5 cxd4 ( 13...Nbd7
14.Ne5 Qc7 15.Nxd7 Nxd7 ) 14.Nxd4 Nbd7 15.Rfd1 Ne5 16.Nb5 Ng6 17.Qg3 h6 
18.Be3 a6 19.Nd4 Qd7 20.c4 e5 21.Nb3 b5 22.Rac1 Rac8 23.Nc5 Qc6 24.Qf3 
Qxf3 25.gxf3 Rfd8 26.Nb7 1/2-1/2